Materials and qualification procedures for ships
Αποθηκεύτηκε σε:
| Συγγραφή απο Οργανισμό/Αρχή: | |
|---|---|
| Μορφή: | Βιβλίο |
| Γλώσσα: | English |
| Δημοσίευση: |
London :
Lloyd's Register of Shipping,
c1996
|
| Θέματα: | |
| Ετικέτες: |
Προσθήκη ετικέτας
Δεν υπάρχουν, Καταχωρήστε ετικέτα πρώτοι!
|
MARC
| LEADER | 00000nam a2200000 i 4500 | ||
|---|---|---|---|
| 001 | 1/67747 | ||
| 008 | 990125s1996 eng d | ||
| 035 | |l 10047532 | ||
| 040 | |a GR-MY-UA |b gre |e aacr | ||
| 041 | 0 | |a eng | |
| 082 | 0 | |a 620.11 | |
| 110 | 2 | |a Lloyd's Register of Shipping. | |
| 245 | 1 | 0 | |a Materials and qualification procedures for ships |
| 260 | |a London : |b Lloyd's Register of Shipping, |c c1996 | ||
| 500 | |a Book A: guidelines for qualification of welding procedures, welders and weldabilit, Book B: procedure for periodic inspection of approved works, Book C: procedures for approval of a works for manufacture of steels, Book D: procedures for approval of a works for the manufacture of steel castings, Book E: procedures for approval of a works for the manufacture of steel forgings, Book F: procedures for approval of a foundry of iron castings, Book G: procedures for approval of a works for the manufacture of non-ferrous alloys and castings, Book H: procedures for approval of a worksor proving estabishment for chain cable and wire rope, Book J: procedures for approval of welding consumables and manufacture of fabricated steel sections, Book K: procedures for approval of plastics materials. | ||
| 650 | 0 | 0 | |a Materials |x Standards. |
| 852 | |a INST |b CHIOS |e 19990125 |h 620.11 MAT |p 005200014980 |q 005200014980 |t BK |y 0 | ||
| 901 | |a BIBL-1999-1 | ||
| 909 | |a Χ |b 062636 | ||
| 922 | |a 2ΕΛΗ |b 199901 |c ΤΝΕΥ |d ΠΑΠΑΣΩΤΗΡΙΟΥ | ||